| 000 | 00000nam##2200000za#4500 |
| 001 | 9.606716 |
| 003 | CaOODSP |
| 005 | 20250129103523 |
| 007 | cr ||||||||||| |
| 008 | 150406|2007||||xxc|||||o f|0| 0 fre|d |
| 040 | |aCaOODSP|bfre |
| 043 | |an-cn--- |
| 086 | 1 |aEn57-41/8-2007F-PDF |
| 110 | 2 |aService météorologique du Canada. |
| 245 | 10|aPrévisions climatiques de la biodiversité des forêts à l'aide du réseau mondial d'observation de la terre de la Smithsonian Institution / |h[ressource électronique]|c[par] M.B. Karsh, D.C. MacIver, A. Fenech, et H. Auld. |
| 260 | |aToronto - Ontario : |bEnvironnement Canada. |c2007. |
| 300 | |a12p.|bgraphiques, carte, références |
| 490 | 1 |aPapier occasionnel|v8 |
| 590 | |a14-08-Supp|b2014-04-10 |
| 775 | 08|tClimate-based predictions of forest biodiversity using Smithsonian's Global Earth Observing Network / |w(CaOODSP)9.573362 |
| 830 | #0|aPapier occasionnel ;|v8|w(CaOODSP)9.504138 |
| 856 | 40|ahttp://publications.gc.ca|qPDF|s275 Ko|uhttps://publications.gc.ca/collections/collection_2014/ec/En57-41-8-2007-fra.pdf|y8 |